| Tag |
First Indicator |
Second Indicator |
Subfields |
| LEADER |
00000cam a2200000 i 4500 |
| 001 |
in00004535113 |
| 005 |
20150715093807.0 |
| 008 |
150428s1870 ohu 000 0 eng |
| 035 |
|
|
|z (UtOrBLW)72234
|
| 035 |
|
|
|a 100802
|
| 040 |
|
|
|a TMVM
|d UtOrBLW
|
| 060 |
|
4 |
|a MS
|b H817 1870 pt.1
|
| 245 |
0 |
0 |
|a Horse diseases symptoms cure.
|
| 264 |
|
1 |
|a [Ohio?] :
|b [publisher not identified],
|c [1870?]
|
| 300 |
|
|
|a 1 sheet lined paper ;
|c 32 x 40 cm
|
| 336 |
|
|
|a text
|b txt
|2 rdacontent
|
| 337 |
|
|
|a unmediated
|b n
|2 rdamedia
|
| 338 |
|
|
|a volume
|b nc
|2 rdacarrier
|
| 500 |
|
|
|a Folded into eighths to 20 x 8 cm, with title vertical on outside.
|
| 500 |
|
|
|a Date and place estimated from date of Rarey book and home of H.S. Rarey (Columbus, Ohio).
|
| 500 |
|
|
|a Received as accompanying material to H.S. Rarey's 1868 "The farmer's friend, the horseman's guide, and horsemanship made easy in one lesson."
|
| 500 |
|
|
|a Text in 3 columns, each headed with one word: "Diseases", "Symptoms" and "Cure". Text on lines follows across, with the disease, its symptoms, and its cure on one line. Under "Diseases", conditions are bracketed to the left into groups: "Body", "Legs", "Hock", "Cannon", "Fetlock & coronet" and "Feet". Under "Cure", some cures have numbers ("Dress with 25, give 4 occasionally.") that refer to the other document, "Recipe's for horse medicine" found in H.S. Rarey book.
|
| 650 |
|
0 |
|a Horses
|x Diseases
|x Treatment.
|
| 650 |
|
2 |
|a Horse Diseases
|x therapy.
|
| 650 |
|
2 |
|a Horses.
|
| 655 |
|
2 |
|a Manuscripts.
|
| 999 |
|
|
|a MARS
|
| 999 |
f |
f |
|s 4c2e5c14-4f25-3f74-8783-801b80eb3950
|i 0def6072-c601-3c83-a042-aeb833bcfd98
|t 0
|
| 952 |
f |
f |
|p noncirc
|a Texas A&M University
|b College Station
|c Medical Sciences Library
|d MSL: Special Collections
|t 0
|e MS H817 1870 pt.1
|h Other scheme
|i unmediated -- volume
|m 323890255479E
|
| 998 |
f |
f |
|a MS H817 1870 pt.1
|t 0
|l MSL: Special Collections
|